Guess That (Made for KOT4Q & Mike Korzemba) NBA - Statistics

General Stats
  • This quiz has been taken 504 times
  • The average score is 5 of 11
Answer Stats
Hint Answer % Correct
I dropped 70 for the Suns. Devin Booker
88%
I am the 2016-2017 MVP. Russell Westbrook
82%
Did you enjoy this? Yes
81%
I am a very slept on player. I have some signature shoes with Adidas. I wear the no. 0 Damian Lillard
64%
I have played with Kobe, Lebron, Pierce, & many more great players. Shaquille O'neal
49%
Snitch. D'angelo Russell
48%
This Nba team is now a joke. We just fired one of the staff members. New York Knicks
33%
The real GOAT/S KOT4Q & Mike Goatzemba
28%
I went to Wake Forest. I was the 8th pick in the 2010 NBA draft to the LA Clippers. I currently play for the Trail-Blazers. Al-Farouq Aminu
23%
I am the GOAT. Brian Scalabrine
21%
I was the 30th pick in the Nba draft to the Chicago Bulls. Trenton Hassell
4%
No matching quizzes found
Score Distribution
Percent of People with Each Score
Percentile by Number Answered
Your Score History
You have not taken this quiz